000 00335nam a2200133Ia 4500
008 180730s9999||||xx |||||||||||||| ||und||
020 _a9.7808018745e+012
082 _a813
_bWRI/T
100 _aWright, Bradford W.
245 0 _aComic Book Nation:
260 _aMaryland
_bJohn Hopkins University
_c2003
300 _a344p.
942 _aBK
999 _c2278
_d2278